Meilleurs pays du monde en golf - Statistiques

Statistiques générales
  • Ce quiz a été pris 245 fois
  • Le résultat moyen est 27 sur 34
Statistiques - réponses
Rang Nombre de victoires Pays % Correct
Tournois du grand chelem 1 420 Etats-Unis
100%
Jeux olympiques 1 14 Etats-Unis
100%
Cumul JO et Tournois du grand chelem 1 434 Etats-Unis
100%
Tournois du grand chelem 10 4 France
99%
Tournois du grand chelem 2 110 Royaume-Uni
97%
Jeux olympiques 2 4 Royaume-Uni
97%
Cumul JO et Tournois du grand chelem 2 114 Royaume-Uni
97%
Tournois du grand chelem 7 10 Espagne
93%
Cumul JO et Tournois du grand chelem 7 10 Espagne
93%
Tournois du grand chelem 8 6 Japon
88%
Jeux olympiques 4 2 Japon
88%
Cumul JO et Tournois du grand chelem 8 8 Japon
88%
Tournois du grand chelem 3 41 Australie
87%
Cumul JO et Tournois du grand chelem 3 41 Australie
87%
Tournois du grand chelem 8 6 Canada
87%
Jeux olympiques 6 1 Canada
87%
Cumul JO et Tournois du grand chelem 9 7 Canada
87%
Tournois du grand chelem 10 4 Allemagne
84%
Jeux olympiques 6 1 Allemagne
84%
Jeux olympiques 4 2 Chine
84%
Tournois du grand chelem 10 4 Irlande
83%
Tournois du grand chelem 5 21 Suède
74%
Jeux olympiques 6 1 Suède
74%
Cumul JO et Tournois du grand chelem 5 22 Suède
74%
Tournois du grand chelem 4 32 Corée-du-Sud
71%
Jeux olympiques 6 1 Corée-du-Sud
71%
Cumul JO et Tournois du grand chelem 4 33 Corée-du-Sud
71%
Tournois du grand chelem 5 21 Afrique-du-Sud
67%
Cumul JO et Tournois du grand chelem 6 21 Afrique-du-Sud
67%
Tournois du grand chelem 10 4 Nouvelle-Zélande
61%
Jeux olympiques 3 3 Nouvelle-Zélande
61%
Cumul JO et Tournois du grand chelem 9 7 Nouvelle-Zélande
61%
Jeux olympiques 6 1 Taïwan
19%
Jeux olympiques 6 1 Slovaquie
10%
Aucun quiz correspondant
Distribution des résultats
% des personnes avec chaque résultat
Percentile par nombre de réponses
Votre historique - résultats
Vous n’avez pas pris ce quiz